Terapi zikir dan doa (kumpulan zikir dan doa nabi SAW,sahabat&orang soleh).

Bibliographic Details
Main Author: Disusun oleh(Abu Afifah)
Format: Book
Published: Kuala Lumpur : Synergy Media
Series:Siri al-hidayah ilmu cahaya kehidupan
Subjects:

MARC

LEADER 00000cam a2200000 7i4500
001 0000035667
005 20130514.0
008 130514
020 |a 9830997855 
090 0 0 |a 297.382   |b TER 
100 1 |a Disusun oleh(Abu Afifah). 
245 1 0 |a Terapi zikir dan doa (kumpulan zikir dan doa nabi SAW,sahabat&orang soleh). 
260 |a Kuala Lumpur :   |b Synergy Media 
440 |a Siri al-hidayah ilmu cahaya kehidupan 
650 0 |a Islam   |x prayers & devotions 
650 0 |a Prayer   |x Islam 
999 |a 0001153633   |b Book   |c Adult Collection   |e Perbadanan Perpustakaan Awam Johor 
999 |a 0001153634   |b Book   |c Adult Collection   |e Perbadanan Perpustakaan Awam Johor 
999 |a 0001153635   |b Book   |c Adult Collection   |e Cawangan Bukit Gambir 
999 |a 0001153636   |b Book   |c Adult Collection   |e Perbadanan Perpustakaan Awam Johor